00191nam a2200073Ia 4500008004100000100001700041245004200058260001700100170523s9999 xx 000 0 und d aLal- Jagdish 0aHydraulic Machines Including Fluidics aMetropolitan